| 000 | 00863nam a2200241 a 4500 | ||
|---|---|---|---|
| 001 | 000041673 | ||
| 005 | 20201002035711.0 | ||
| 008 | 131015s2003 sp 001 0 spa d | ||
| 020 | _a8484831493 | ||
| 040 |
_aDO-SdBNP _bspa _cBNPHU |
||
| 082 |
_axxx _bxxx |
||
| 100 | 1 |
_aGil Fernández, Luis _965811 |
|
| 245 | 1 | 0 |
_aFormas y tendencias del humanismo valenciano quinientista. / _cLius Gil Fernández; prólogo, Antonio Mestre Sanchis. |
| 260 |
_aAlcañiz-Madrid, : _bInstituto de Estudios Humanisticos, _c2003. |
||
| 300 |
_a190 p. ; _c25 cm. |
||
| 490 | 1 | _aTextos y estudios humanísticos Palmyrenus | |
| 490 | 1 |
_aEstudios _v2 |
|
| 500 | _aIncluye índice onomástico | ||
| 504 | _aBibliografía p: 161-176 | ||
| 700 | 1 |
_aMestre Sanchis, Antonio _eprol. _968471 |
|
| 830 | 0 |
_aTextos y estudios humanísticos Palmyrenus _968472 |
|
| 830 | 0 |
_aEstudios _v2 _93854 |
|
| 999 |
_c41163 _d41163 |
||